| 000 | 00751nam a2200241 a 4500 | ||
|---|---|---|---|
| 001 | 1250 | ||
| 003 | BR-CuiBMT | ||
| 005 | 20231205002452.0 | ||
| 008 | 231201s2012 mtb 000 0 por d | ||
| 040 |
_aBR-CuiBMT _cBR-CuiBMT |
||
| 080 |
_22007 _a82-94 _x(817.2) |
||
| 090 |
_a82-94(817.2) _bM539h |
||
| 100 | 1 |
_aMendonça, Rubens de, _d1915-1983 |
|
| 245 | 1 | 0 |
_aHistória das revoluções de Mato Grosso / _cRubens de Mendonça. |
| 260 |
_aCuiabá : _bSEC-MT; _bIntegrar; _bDefanti, _c2012. |
||
| 300 |
_a183 p. ; _c21 cm |
||
| 490 | 1 | _aColeção memórias históricas | |
| 504 | _aInclui bibliografia. | ||
| 650 | _aCrônicas mato-grossenses | ||
| 650 |
_aMemórias históricas _zMato Grosso |
||
| 830 | 0 | _aMemórias históricas | |
| 942 |
_2udc _cLV |
||
| 999 |
_c1250 _d1250 |
||